Statystyki dla Kraje najbliżej Gambii - Sprint w minutę

Kliknij tutaj aby rozwiązać quiz!

Ogólne statystyki

  • Ten quiz został rozwiązany 16 razy
  • Średni wynik to 12 z 20

Statystyki odpowiedzi

kmkraj% Poprawnych
0Senegal
100%
1357Maroko
93%
413Sierra Leone
87%
1584Algieria
73%
940Burkina Faso
73%
1221Ghana
73%
214Mauretania
73%
1511Niger
73%
74Gwinea
67%
61Gwinea Bissau
67%
665Liberia
67%
189Mali
67%
1868Nigeria
67%
1505Togo
60%
1615Benin
47%
700Cabo Verde
33%
721Côte d'Ivoire
33%
799Sahara Zachodnia
20%
1548Hiszpania
13%
2099Portugalia
13%

Rozkład punktacji

Percentyl według liczby udzielonych odpowiedzi

Procent ludzi z każdym wynikiem

Twoja historia wyników

Nie rozwiązałeś tego quizu